ბათუმის შოთა რუსთაველის სახელმწიფო უნივერსიტეტის ბიბლიოთეკა

სამართლის ფილოსოფიის საკითხები / (ბიბ.ჩანაწერი № 36153)

000 -ლიდერი
ფიქსირებული სიგრძის საკონტროლო ველი 01740nam a2200277Ia 4500
001 - საკონტროლო ნომერი
საკონტროლო ველი
003 - საკონტროლო ნომრის იდენტიფიკატორი
საკონტროლო ველი GE_BSU
005 - ბოლო ოპერაციის თარიღი და დრო
საკონტროლო ველი 20221102120159.0
008 - ფიქსირებული სიგრძის მონაცემთა ელემენტები - ზოგადი ინფორმაცია
ფიქსირებული სიგრძის საკონტროლო ველი 181216s2009 ge |||||||||||||| ||und||
020 ## - წიგნის საერთაშორისო სტანდარტული ნომერი
International Standard Book Number 9789941409585
040 ## - კატალოგიზაციის წყარო
Transcribing agency GE_BSU
041 ## - ენის კოდი
Language code of text/sound track or separate title geo
080 ## - უნივერსალური ათობითი კლასიფიკაციის ინდექსი
Universal Decimal Classification number 340.122(075.8) გ-69
100 ## - მთავარი ჩანაწერი - პიროვნების სახელი
Personal name გორგოშაძე, მურმან
9 (RLIN) 218
245 ## - ცნობა სათაურის შესახებ
Title სამართლის ფილოსოფიის საკითხები /
Statement of responsibility, etc მურმან გორგოშაძე; რედ. გურამ ნაჭყებია; შოთა რუსთაველის სახ.უნ–ტი. სოციალურ მეცნ. ბიზნესისა და სამართალმცოდნ.ფაკ–ტი იურიდიულ მეცნ. დეპარტამენტი.
264 ## - წარმოების, გამოცემის, დისტრიბუციის და სხვა ცნობები
გამოცემის, წარმოების, დისტრიბუციის... ადგილი ბათუმი:
გამოცემის, წარმოების, დისტრიბუციის... სახელწოდება შოთა რუსთაველის სახ. უნ–ტი,
გამოცემის, წარმოების, დისტრიბუციის... თარიღი 2009.
300 ## - ფიზიკური აღწერა
Extent 151 გვ. ;
Other physical details 18 სმ.
504 ## - BIBLIOGRAPHY, ETC. NOTE
Bibliography, etc ბიბლიოგრ. ტექსტ. შენიშვნ. და გვ. 142-148.
520 ## - SUMMARY, ETC.
Summary, etc რეზ. ინგლ.
653 ## - INDEX TERM--UNCONTROLLED
Uncontrolled term სამართლის ფილოსოფიის საკითხები.
653 ## - INDEX TERM--UNCONTROLLED
Uncontrolled term სამართალი
700 ## - ADDED ENTRY--PERSONAL NAME
Personal name ნაჭყებია, გურამ
Relator term რედაქტორი
9 (RLIN) 219
710 ## - ADDED ENTRY--CORPORATE NAME
Corporate name or jurisdiction name as entry element შოთა რუსთაველის სახ.უნ–ტი.
Subordinate unit სოციალურ მეცნ. ბიზნესისა და სამართალმცოდნ.ფაკ–ტი იურიდიულ მეცნ. დეპარტამენტი
9 (RLIN) 220
942 ## - ADDED ENTRY ELEMENTS (KOHA)
Koha item type წიგნი
Source of classification or shelving scheme
ეგზემპლარები
ჩამოწერის სტატუსი დაკარგული ეგზემპლარის სტატუსი კლასიფიკაციის წყარო ან თაროზე გაწყობის სქემა დაზიანების სტატუსი არ გაიცემა მუდმივი მდებარეობა (დაცვის ადგილი) ამჟამინდელი ადგილსამყოფელი შეძენის თარიღი ღირებულება, შესყიდვის ნორმალური ფასი სრული შენახვის შიფრი შტრიხკოდი ბოლო ოპერაციის თარიღი ეგზემპლარის მიმდევრობითი ნომერი (კეტერი?) ფასის ძალაში შესვლის თარიღი ეგზემპლარის სახეობა საჯარო შენიშვნა თაროზე განთავსების ადგილი
          ბათუმის შოთა რუსთაველის სახელმწიფო უნივერსიტეტის მთავარი ბიბლიოთეკა ბათუმის შოთა რუსთაველის სახელმწიფო უნივერსიტეტის მთავარი ბიბლიოთეკა 2018-12-17 7.00 340.122(075.8) გ-69 4174 2018-12-17 4174 2018-12-17 წიგნი 7 ლ.  
          ბათუმის შოთა რუსთაველის სახელმწიფო უნივერსიტეტის მთავარი ბიბლიოთეკა ბათუმის შოთა რუსთაველის სახელმწიფო უნივერსიტეტის მთავარი ბიბლიოთეკა 2019-04-24   340.122(075.8) გ-69 5155 2019-04-24 5155 2019-04-24 წიგნი   წიგნსაცავი
          ბათუმის შოთა რუსთაველის სახელმწიფო უნივერსიტეტის მთავარი ბიბლიოთეკა ბათუმის შოთა რუსთაველის სახელმწიფო უნივერსიტეტის მთავარი ბიბლიოთეკა 2019-04-24 5.00 340.122(075.8) გ-69 28133 2019-04-24 28133 2019-04-24 წიგნი 5 ლ. წიგნსაცავი
          ბათუმის შოთა რუსთაველის სახელმწიფო უნივერსიტეტის მთავარი ბიბლიოთეკა ბათუმის შოთა რუსთაველის სახელმწიფო უნივერსიტეტის მთავარი ბიბლიოთეკა 2019-04-24 7.00 340.122(075.8) გ-69 29101 2019-04-24 29101 2019-04-24 წიგნი 7 ლ. წიგნსაცავი
          ბათუმის შოთა რუსთაველის სახელმწიფო უნივერსიტეტის მთავარი ბიბლიოთეკა ბათუმის შოთა რუსთაველის სახელმწიფო უნივერსიტეტის მთავარი ბიბლიოთეკა 2019-04-24 7.00 340.122(075.8) გ-69 28851 2019-04-24 28851 2019-04-24 წიგნი 7 ლ. წიგნსაცავი